Stained glass of the middle ages in England and France / (Record no. 59004)
[ view plain ]
| 000 -LEADER | |
|---|---|
| campo de control de longitud fija | 00886nam a2200253 i 4500 |
| 001 - NÚMERO DE CONTROL | |
| campo de control | C00062300c |
| 005 - FECHA Y HORA DE LA ÚLTIMA TRANSACCIÓN | |
| campo de control | 20241029150816.0 |
| 008 - DATOS DE LONGITUD FIJA--INFORMACIÓN GENERAL | |
| campo de control de longitud fija | 130916s1925 xxkf 1 engdd |
| 080 ## - NÚMERO DE LA CLASIFICACIÓN DECIMAL UNIVERSAL | |
| Número de la Clasificación Decimal Universal | 729.88(44)"09/14" |
| 080 ## - NÚMERO DE LA CLASIFICACIÓN DECIMAL UNIVERSAL | |
| Número de la Clasificación Decimal Universal | 729.88(410)"09/14" |
| 100 1# - ENTRADA PRINCIPAL--NOMBRE DE PERSONA | |
| Nombre de persona | Arnold, Hugh ( |
| Fechas asociadas al nombre | 1872-1915) |
| 9 (RLIN) | 43038 |
| 245 10 - MENCIÓN DEL TÍTULO | |
| Título | Stained glass of the middle ages in England and France / |
| Mención de responsabilidad, etc. | painted by Lawrence B. Saint ; described by Hugh Arnold. |
| 260 ## - PUBLICACIÓN, DISTRIBUCIÓN, ETC. | |
| Lugar de publicación, distribución, etc. | London : |
| Nombre del editor, distribuidor, etc. | A. & C. Black, |
| Fecha de publicación, distribución, etc. | 1925. |
| 300 ## - DESCRIPCIÓN FÍSICA | |
| Extensión | XIV, 260 p., [46] p. de lám. col. ; |
| Dimensiones | 23 cm. |
| 500 ## - NOTA GENERAL | |
| Nota general | Antep. |
| 500 ## - NOTA GENERAL | |
| Nota general | Apostillas marginales. |
| 500 ## - NOTA GENERAL | |
| Nota general | Donación heredera R. Stolz Viciano. |
| 650 ## - PUNTO DE ACCESO ADICIONAL DE MATERIA--TÉRMINO DE MATERIA | |
| Término de materia o nombre geográfico como elemento de entrada | Vidrieras- |
| Subdivisión geográfica | Francia- |
| Subdivisión cronológica | Edad media. |
| 9 (RLIN) | 99516 |
| 650 ## - PUNTO DE ACCESO ADICIONAL DE MATERIA--TÉRMINO DE MATERIA | |
| Término de materia o nombre geográfico como elemento de entrada | Vidrieras- |
| Subdivisión geográfica | Gran Bretaña- |
| Subdivisión cronológica | Edad media. |
| 9 (RLIN) | 99517 |
| 700 1# - ENTRADA AGREGADA--NOMBRE PERSONAL | |
| Nombre de persona | Saint, Lawrence Bradford ( |
| Fechas asociadas al nombre | 1885-1961) |
| 9 (RLIN) | 43039 |
| 852 4# - LOCALIZACIÓN | |
| Número de control de estantería | L-252 |
| Estatus retirado | Estado de pérdida | Estado de daño | No para préstamo | Colección | Biblioteca de origen | Biblioteca actual | Ubicación en estantería | Fecha de adquisición | Fuente de adquisición | Total de préstamos | Signatura topográfica completa | Código de barras | Visto por última vez | Precio de reemplazo | Tipo de ítem Koha |
|---|---|---|---|---|---|---|---|---|---|---|---|---|---|---|---|
| Real Academia de la Bellas Artes de San Fernando | Real Academia de la Bellas Artes de San Fernando | Depósito 2 | 16/09/2013 | D | L-252 | 1066526 | 15/10/2024 | 15/10/2024 | Fondo moderno |